Loading...
| History - European | 0 | 10 | 1 | 2 | 95 | 48 | 79.40 | 4 | 7 | 0.00 | 0.00 |
| Mythology | 0 | 9 | 0 | 1 | 90 | 35 | 66.00 | 5 | 7 | 0.00 | 0.00 |
| History - Other | 0 | 7 | 0 | 0 | 70 | 33 | 69.86 | 3 | 7 | 0.00 | 0.00 |
| History - American | 0 | 7 | 2 | 0 | 60 | 36 | 69.71 | 1 | 7 | 0.00 | 0.00 |
| History - World | 0 | 5 | 2 | 0 | 40 | 50 | 67.80 | 3 | 5 | 0.00 | 0.00 |
| Religion | 0 | 4 | 1 | 1 | 35 | 15 | 75.75 | 2 | 3 | 0.00 | 0.00 |
| Social Science | 0 | 4 | 1 | 1 | 35 | 75 | 95.50 | 1 | 3 | 0.00 | 0.00 |
| Philosophy | 0 | 2 | 0 | 2 | 20 | 113 | 119.00 | 0 | 0 | 0.00 | 0.00 |
| Fine Arts - Painting and Sculpture | 0 | 2 | 0 | 0 | 20 | 94 | 99.50 | 0 | 1 | 0.00 | 0.00 |
| Science - Physics | 0 | 2 | 0 | 1 | 20 | 70 | 92.50 | 1 | 1 | 0.00 | 0.00 |
| Literature - British | 0 | 1 | 0 | 1 | 10 | 137 | 137.00 | 0 | 0 | 0.00 | 0.00 |
| Fine Arts - Other | 0 | 1 | 0 | 1 | 10 | 134 | 134.00 | 0 | 0 | 0.00 | 0.00 |
| Science - Biology | 0 | 1 | 0 | 1 | 10 | 108 | 108.00 | 0 | 0 | 0.00 | 0.00 |
| Fine Arts - Classical Music | 0 | 0 | 0 | 0 | 0 | 0.00 | 0 | 0 | 0.00 | 0.00 |